Kadithu Kandayo Kantha (Record no. 100357)

MARC details
000 -LEADER
fixed length control field 00465nam a2200169Ia 4500
003 - CONTROL NUMBER IDENTIFIER
control field OSt
005 - DATE AND TIME OF LATEST TRANSACTION
control field 20220326071737.0
008 - FIXED-LENGTH DATA ELEMENTS--GENERAL INFORMATION
fixed length control field 211118s9999||||xx |||||||||||||| ||und||
040 ## - CATALOGING SOURCE
Transcribing agency sbcl
082 ## - DEWEY DECIMAL CLASSIFICATION NUMBER
Classification number 894.8123
Item number SAR-K
100 ## - MAIN ENTRY--PERSONAL NAME
Personal name Sarah Joseph
245 #0 - TITLE STATEMENT
Title Kadithu Kandayo Kantha
260 ## - PUBLICATION, DISTRIBUTION, ETC.
Name of publisher, distributor, etc. Current Books
Place of publication, distribution, etc. Thrisur
Date of publication, distribution, etc. 2001
630 ## - SUBJECT ADDED ENTRY--UNIFORM TITLE
General subdivision Malayalam NovelGeneral Stack
650 ## - SUBJECT ADDED ENTRY--TOPICAL TERM
Topical term or geographic name entry element Malayalam Literature
942 ## - ADDED ENTRY ELEMENTS (KOHA)
Koha item type BOOK
650 ## - SUBJECT ADDED ENTRY--TOPICAL TERM
Form subdivision Malayalam FictionShort StoriesGeneralia
Holdings
Withdrawn status Lost status Source of classification or shelving scheme Damaged status Not for loan Home library Current library Date acquired Cost, normal purchase price Total Checkouts Full call number Barcode Shelving location Date last seen Date last checked out Price effective from Koha item type
    Dewey Decimal Classification     SB LIBRARY SB LIBRARY 18/11/2021 45.00 1 894.8123 SAR-K 00105971 GENERAL STACK 16/11/2023 14/11/2023 18/11/2021 BOOK

Powered by Koha